000 00965nam a22002897a 4500
003 CHAP
005 20220329140252.0
008 971013s1971 r 00010 d
010 _a49495
011 _a50467
035 _a54617
040 _cCHAP
090 _aFolleto 1781
100 0 0 _aRobinson, Michael H.
_998005
245 _aUnits of behavior and complex sequences in the predatory behavior of Argiope argentala (Fabricius) : (Araneae : Araneidae)
260 _aWashington :
_bSmithsonian Institution,
_c1971
300 _a36 p.
_b: ilus.
490 _aSmithsonian contributions to zoology
_v; 65
590 _aBATCH-UPD
_b10
_c20130110
_lUCH01
_h0401
590 _aBATCH-UPD
_b10
_c20130110
_lUCH01
_h2026
590 _aCONVERSION
_b10
_c20130109
_lUCH01
_h1327
650 1 4 _aArgiope.
_96994
830 0 _aSmithsonian contributions to zoology
_v; 65
_9107173
901 _aBK
942 _cFOLL
949 _aFolleto 1781
_bBC
_cFOLL
_d-120401
_eTS1
_i54617
_si
999 _c49495
_d49495